00533nam a2200181Ia 4500008004100000020001500041082001800056100003000074245003400104250000800138260002500146300001100171500002400182650001600206942000700222952010700229999001500336230524s9999 xx 000 0 und d a8120327305 a621.3821bDOU aEdward R. Dougherty96858 0aElectronic Imaging Technology a1ST aNEW DELHIbPHIc2005 aXV;432 aQuantity Number: 1 aElectronics cBK 00104070aTATCLbTATCLcGENd2023-05-24l0o621.3821 DOUp1469r2023-05-24w2023-05-24yBKzPCEE4204 c9940d9940